Fairy Tail 6 /

Hotshot Natsu and his cool rival Gray are fghting to stop a calamity demon from being revived by Gray's fellow disciple Lyon and Zalty, a master of lost magic. But while they try to defeat the bad guys, the magical ice binding the demon keeps melting. Then a grudge between Fairy Tail and a riva...

Full description

Bibliographic Details
Corporate Author: Library Pass, LLC
Other Authors: Mashima, Hiro (writer.)
Format: eBook
Language:English
Published: [United States] : Kodansha, 2021.
Subjects:
Online Access:Connect to this electronic book (First time users create your free account)

MARC

Tag First Indicator Second Indicator Subfields
LEADER 00000nmm a22000001a 4500
001 in00004611684
006 m|||||o||m||||||||
007 cr|cn |||uuuuu
008 221118s2021 xxu||||eo|||| ||||||eng d
005 20221207213636.2
035 |a (TxWaIVM)IV82177KoFa 
040 |a TxWaIVM  |c TxWaIVM 
245 0 0 |a Fairy Tail 6 /  |c powered by Library Pass. 
260 3 |a [United States] :  |b Kodansha,  |c 2021. 
300 |a 1 online resource. 
336 |a text  |b txt  |2 rdacontent 
337 |a computer  |b c  |2 rdamedia 
338 |a online resource  |b cr  |2 rdacarrier 
520 |a Hotshot Natsu and his cool rival Gray are fghting to stop a calamity demon from being revived by Gray's fellow disciple Lyon and Zalty, a master of lost magic. But while they try to defeat the bad guys, the magical ice binding the demon keeps melting. Then a grudge between Fairy Tail and a rival guild turns to allout war! Includes special extras after the story! 
521 |a 4 
538 |a Requires a valid library card and registration for new users. 
538 |a Mode of access: World Wide Web. 
538 |a System requirements: Flash 10.1 or higher, Windows XP and higher, Internet Explorer 7 and higher, Firefox 3.6 and higher, Google Chrome; Max OS 10.5 and higher, Safari 4 and higher. 
650 0 |a Comic books, strips, etc. 
655 7 |a Electronic books.  |2 local 
655 7 |a Comic books, strips, etc.  |2 gsafd 
650 0 |a Animals 
655 7 |a Animals  |2 gsafd 
650 0 |a Detective and mystery comic books, strips, etc. 
655 7 |a Detective and mystery comic books, strips, etc.  |2 gsafd 
650 0 |a Fantasy comic books, strips, etc. 
655 7 |a Fantasy comic books, strips, etc.  |2 gsafd 
650 0 |a Comic books, strips, etc. 
655 7 |a Comic books, strips, etc.  |2 gsafd 
650 0 |a Movie & TV 
655 7 |a Movie & TV  |2 gsafd 
650 0 |a Shonen 
655 7 |a Shonen  |2 gsafd 
700 1 |a Mashima, Hiro.  |e writer. 
700 1 |a Mashima, Hiro.  |e artist. 
710 2 |a Library Pass, LLC. 
856 4 0 |u http://proxy.library.tamu.edu/login?url=https://tamu.librarypass.com/product/com.iversecomics.kodansha.comics.fairy.tail.6.english.06102021  |z Connect to this electronic book (First time users create your free account)  |t 0 
955 |a Comics Plus. 
999 f f |s cf7cb4ed-841d-49ac-a38b-3b643184c463  |i cffc6e66-fb1d-4239-b759-f0c96cd6e72e  |t 0 
952 f f |a Texas A&M University  |b College Station  |c Electronic Resources  |d Available Online  |t 0  |h Library of Congress classification 
998 f f |t 0  |l Available Online